<?xml version="1.0" encoding="UTF-8"?>
<collection xmlns="http://www.loc.gov/MARC21/slim">
 <record>
  <leader>01005nam a22001937a 4500</leader>
  <controlfield tag="001">NCT_123331</controlfield>
  <controlfield tag="008">220511b        xxu||||| |||| 00| 0 vie d</controlfield>
  <datafield tag="999" ind1=" " ind2=" ">
   <subfield code="c">6316</subfield>
   <subfield code="d">6316</subfield>
  </datafield>
  <datafield tag="022" ind1=" " ind2=" ">
   <subfield code="a">1859-1272</subfield>
  </datafield>
  <datafield tag="041" ind1=" " ind2=" ">
   <subfield code="a">eng</subfield>
  </datafield>
  <datafield tag="082" ind1="0" ind2="4">
   <subfield code="2">23rd ed.</subfield>
   <subfield code="a">378</subfield>
   <subfield code="b">T109C</subfield>
  </datafield>
  <datafield tag="245" ind1="0" ind2="0">
   <subfield code="a">Journal of technical education seience</subfield>
   <subfield code="n">No.42</subfield>
   <subfield code="c">Ho Chi Minh city University of Technology and Education</subfield>
  </datafield>
  <datafield tag="260" ind1=" " ind2=" ">
   <subfield code="a">Ho Chi Minh city </subfield>
   <subfield code="b">Ho Chi Minh city University of Technology and Education</subfield>
   <subfield code="c">2017</subfield>
  </datafield>
  <datafield tag="300" ind1=" " ind2=" ">
   <subfield code="c">29cm</subfield>
  </datafield>
  <datafield tag="362" ind1=" " ind2=" ">
   <subfield code="a">06/2017</subfield>
  </datafield>
  <datafield tag="520" ind1="3" ind2=" ">
   <subfield code="a">Contents: The study of number and thickness of ingan/algan multiple quantum well structure for 365nm -385nm ultraviolet light-emitting diodes; Some new results in simulation of single electron transistor; Application pf isogeometric analysis to free vibration of truss structures;...</subfield>
  </datafield>
  <datafield tag="942" ind1=" " ind2=" ">
   <subfield code="2">ddc</subfield>
   <subfield code="c">CR</subfield>
  </datafield>
  <datafield tag="952" ind1=" " ind2=" ">
   <subfield code="0">0</subfield>
   <subfield code="1">0</subfield>
   <subfield code="2">ddc</subfield>
   <subfield code="4">0</subfield>
   <subfield code="6">378_000000000000000_T109C</subfield>
   <subfield code="7">0</subfield>
   <subfield code="9">23898</subfield>
   <subfield code="a">000001</subfield>
   <subfield code="b">000001</subfield>
   <subfield code="d">2022-05-13</subfield>
   <subfield code="o">378 T109C</subfield>
   <subfield code="r">2022-05-13</subfield>
   <subfield code="w">2022-05-13</subfield>
   <subfield code="y">CR</subfield>
  </datafield>
  <datafield tag="980" ind1=" " ind2=" ">
   <subfield code="a">Thư viện Trường Đại học Nam Cần Thơ</subfield>
  </datafield>
 </record>
</collection>
